000 00295nam a22001217a 4500
008 240902b |||||||| |||| 00| 0 eng d
082 _a796.334
100 _aFifa
245 _aWomen's Football:
_bDeveloping the Game
260 _aSwitzerland
_bFifa
300 _a288 p.;
_c27.7 Cm.
942 _2ddc
999 _c9992
_d9993